जैनधर्म : (Record no. 120619)

MARC details
000 -LEADER
fixed length control field 01214nam a22002657a 4500
005 - DATE AND TIME OF LATEST TRANSACTION
control field 20170124103200.0
010 ## - LIBRARY OF CONGRESS CONTROL NUMBER
LC control number A-443948
020 ## - INTERNATIONAL STANDARD BOOK NUMBER
Terms of availability 25.00
035 ## - SYSTEM CONTROL NUMBER
System control number A-443948
037 ## - SOURCE OF ACQUISITION
Source of stock number/acquisition Cen Lib/Ret
040 ## - CATALOGING SOURCE
Original cataloging agency DPL
Language of cataloging HN
082 ## - DEWEY DECIMAL CLASSIFICATION NUMBER
Classification number 240
Item number महाप्र
100 ## - MAIN ENTRY--PERSONAL NAME
Personal name महाप्रजना, युवाचार्य
9 (RLIN) 45
245 ## - TITLE STATEMENT
Title जैनधर्म :
Statement of responsibility, etc युवाचार्य महाप्रजना ; सम्पादक मुनि धनंजय
Remainder of title अर्हत और अर्हताएं /
246 ## - VARYING FORM OF TITLE
Title proper/short title Jain dharm : arhat aur arhataen /
Remainder of title by Yuvacharya Mahaprajna ; sampadak Muni Dhananjay
260 ## - PUBLICATION, DISTRIBUTION, ETC. (IMPRINT)
Name of publisher, distributor, etc जैन विश्व भारती
Place of publication, distribution, etc राजस्थान
Date of publication, distribution, etc 1990
270 ## - ADDRESS
Address लाडनू, नागौर
City राजस्थान
300 ## - PHYSICAL DESCRIPTION
Extent 291पृ.
Dimensions 20सेमी(सजिल्द)
650 ## - SUBJECT ADDED ENTRY--TOPICAL TERM
Topical term or geographic name as entry element जैन धर्म काल
9 (RLIN) 78661
650 ## - SUBJECT ADDED ENTRY--TOPICAL TERM
Topical term or geographic name as entry element जैन धर्म -- भगवान महावीर
9 (RLIN) 91600
650 ## - SUBJECT ADDED ENTRY--TOPICAL TERM
Topical term or geographic name as entry element Jainism time
9 (RLIN) 91601
650 ## - SUBJECT ADDED ENTRY--TOPICAL TERM
Topical term or geographic name as entry element Jainism - Lord Mahavira
9 (RLIN) 91602
700 ## - ADDED ENTRY--PERSONAL NAME
Personal name मुनि धनंजय
9 (RLIN) 91603
942 ## - ADDED ENTRY ELEMENTS (KOHA)
Source of classification or shelving scheme Dewey Decimal Classification
Koha item type Hindi Books
Classification part 240
Call number suffix महाप्र
Holdings
Withdrawn status Lost status Damaged status Not for loan Home library Current library Date acquired Source of acquisition Cost, normal purchase price Total Checkouts Full call number Barcode Date last seen Copy number Cost, replacement price Price effective from Koha item type
        Central Library Central Library 23/09/2015 Cen Lib/Ret 25.00   240 महाप्र A-443948 23/09/2015 1 25.00 23/09/2015 Hindi Books

© Delhi Public Library
Hit Counter
free hit counter